Apuntes de geografía física : (Record no. 4234)
[ view plain ]
| 000 -CABECERA | |
|---|---|
| campo de control de longitud fija | 00725nam a2200193 a 4500 |
| 005 - FECHA Y HORA DE LA ÚLTIMA TRANSACCIÓN | |
| campo de control | 20220725142443.0 |
| 008 - ELEMENTOS DE LONGITUD FIJA--INFORMACIÓN GENERAL | |
| campo de control de longitud fija | 991125s1950 mx 000 0 spa u |
| 035 ## - NÚMERO DE CONTROL DEL SISTEMA | |
| Número de control de sistema | UPN01000004234 |
| 049 ## - COLECCIÓN | |
| Colección | LT |
| 050 #4 - SIGNATURA TOPOGRÁFICA DE LA BIBLIOTECA DEL CONGRESO | |
| Número de clasificación | LB1653 M6.1 |
| Número de documento/Ítem | V5.2 1950 |
| 100 1# - ASIENTO PRINCIPAL--NOMBRE PERSONAL | |
| Nombre de persona | Vidal, Esther |
| 245 10 - MENCIÓN DE TÍTULO | |
| Título | Apuntes de geografía física : |
| Resto del título | para el primer curso de enseñanza secundaria / |
| Mención de responsabilidad, etc. | Esther Vidal. |
| 250 ## - MENCIÓN DE EDICIÓN | |
| Mención de edición | 16a ed. correg. y aum. |
| 260 ## - PUBLICACIÓN, DISTRIBUCIÓN, ETC. | |
| Lugar de publicación, distribución, etc. | México : |
| Nombre del editor, distribuidor, etc. | Porrúa, |
| Fecha de publicación, distribución, etc. | 1950. |
| 300 ## - DESCRIPCIÓN FÍSICA | |
| Extensión | 256 p., [2] h. pleg., [5] h. láms. |
| 500 ## - NOTA GENERAL | |
| Nota general | "Adaptada a los últimos programas oficiales con los datos más importantes acerca de la República Mexicana" |
| 650 #4 - ASIENTO SECUNDARIO DE MATERIA - TERMINO TEMATICO | |
| Término de materia o nombre geográfico como elemento de entrada | Geografía física |
| Subdivisión general | Estudio y enseñanza (Secundaria) |
| 9 (RLIN) | 21662 |
| 905 ## - TIPO DE MATERIAL | |
| Tipo de material | Libro |
| Estado de retiro | Estado de pérdida | Fuente del sistema de clasificación o colocación | Estado dañado | No para préstamo | Código de colección | Localización permanente | Ubicación/localización actual | Ubicación en estantería | Total de préstamos | Clasificación | Código de barras | Fecha visto por última vez | Número de copia | Tipo de ítem Koha |
|---|---|---|---|---|---|---|---|---|---|---|---|---|---|---|
| Library of Congress Classification | Coleccion LT | Libros de texto | Bib. Gregorio Torres Quintero | Bib. Gregorio Torres Quintero | Libros de Texto | LB1653 M6.1 V5.2 1950 | 44280 | 31/12/2020 | 1 | Libro |
